| 000 | 01423nam0a2200277 i 4500 | ||
|---|---|---|---|
| 001 | RU\NLR\BIBL_A\010709332 | ||
| 005 | 20260408121134.0 | ||
| 010 |
_a978905042133 _9200 |
||
| 035 | _a(NLR Aleph) 010709332 | ||
| 090 |
_a9762395 _c9762395 |
||
| 100 | _a20150327d2015 km y0rusy50 ca | ||
| 101 | 0 | _arus | |
| 102 | _aRU | ||
| 105 | _aa|||z|||100yy | ||
| 200 | 1 |
_aШестнадцатые Петровские чтения _e[разделы]: (история, политология, социология, философия, экономика, культура, образование и право) _eматериалы всероссийской научной конференции, 19-20 ноября 2014 г., [Санкт-Петербург] |
|
| 210 |
_aСанкт-Петербург _cПАНИ _d2015 |
||
| 215 |
_a318 с. _cил. _d20 |
||
| 300 | _aВ надзаг.: Петр. акад. наук и искусств, Отд-ние ист. наук | ||
| 320 | _aБиблиогр. в подстроч. примеч. | ||
| 606 |
_aОбщественные науки _jСъезды, совещания и т.п _91112139 _3RU\NLR\AUTH\66119728 |
||
| 686 | 1 | _aС.я431 | |
| 710 | 1 | 2 |
_aПетровские чтения _d16 _f2014 _eСанкт-Петербург _3RU\NLR\AUTH\880395195 _9456665 |
| 942 | _cBOOK | ||
| 980 | _aNBR | ||